| 000 | 00432nam a22001337a 4500 | ||
|---|---|---|---|
| 003 | ASAB | ||
| 005 | 20180827062619.0 | ||
| 008 | 160217t xxu||||| |||| 00| 0 eng d | ||
| 040 | _cASAB | ||
| 100 |
_aSandal Sheikh-sup-Dr. Kiran Zahid _91560 |
||
| 245 | _aTh-Mphil-Investigating the role of exogenous hydrogen peroxide in nanotoxicity reduction in monocot ( maize) and Dicot ( Tomato) plants | ||
| 300 | _a79 p.: | ||
| 942 |
_2ddc _cBK |
||
| 999 |
_c480012 _d480012 |
||